| 000 -LEADER |
| fixed length control field |
00486nam a22000977a 4500 |
| 008 - FIXED-LENGTH DATA ELEMENTS--GENERAL INFORMATION |
| fixed length control field |
161205b xxu||||| |||| 00| 0 eng d |
| 100 ## - MAIN ENTRY--AUTHOR'S NAME |
| Author's Name |
Linn's stamp news |
| 245 ## - TITLE STATEMENT |
| Title |
Linn's world stamp almanac [2000] |
| Remainder of title |
a handbook for stamp collectors |
| 260 ## - PUBLICATION, DISTRIBUTION, ETC. (IMPRINT) |
| Place of publication, distribution, etc. |
Sidney, OH |
| Name of publisher, distributor, etc. |
Amos Press |
| Date of publication, distribution, etc. |
2000 |
| 650 ## - TOPICAL TERM (Tag) |
| Topical term or geographic name |
Almanacs, Annuals, and Yearbooks | Agencies, Philatelic Organizations | Libraries and Museums | Periodicals | Dealing | Collecting | Exhibitions | Collectors | Auctions | Bibliographies | United States |